=LDR 00000nam 2200000 4500 =001 INLIS000000000045173 =005 20141231134301.0 =006 =007 =008 =020 ##$$a 979-9742-21-8 =035 ##$$0010-121400000000323 =040 ##$$a Ind =082 ##$$a 618.2 =090 ##$$a 618.2 Sav t =100 ##$$a Savitri r,Dr =245 ##$$a tips hamil sehat =250 ##$$a cet. II =260 ##$$a Jogyakarta $bDiglosia media baru $c2010 =300 ##$$a 215 hlm$c21cm =700 ##$$a Savitri ramaiah,dr =990 ##$$a 21403581 =990 ##$$a 0001/BPAP-NTB/20142014 =990 ##$$a 0001/BPAP-NTB/20142015 =990 ##$$a 0001/BPAP-NTB/20142015